|
|
|
|
| LEADER |
01176nam a2200265 a 4500 |
| 001 |
00026315 |
| 005 |
20230712151926.0 |
| 008 |
121203s2009 bg a b 000 0 eng d |
| 020 |
|
|
|a 9843000029081
|
| 040 |
|
|
|a BD-DhAAL
|c BD-DhAAL
|
| 082 |
0 |
0 |
|a 323.49095492
|2 21
|
| 245 |
0 |
0 |
|a Human rights in Bangladesh, 2008 /
|c editor by Hammeeda Hossain.
|
| 260 |
|
|
|a Dhaka, Bangladesh :
|b Ain o Salish Kendra (ASK).,
|c 2009.
|
| 300 |
|
|
|a xv, 266 pages :
|b ill, charts ;
|c 22 cm.
|
| 504 |
|
|
|a Includes bibliographical references
|
| 541 |
1 |
|
|e 00026315, 41291
|
| 650 |
|
0 |
|a Human rights
|z Bangladesh
|
| 650 |
|
0 |
|a Civil rights
|z Bangladesh
|
| 700 |
1 |
|
|a Hossain, Hammeeda.
|9 47717
|
| 710 |
2 |
|
|a Ain o Salish Kendra (ASK)
|
| 852 |
4 |
|
|a Ayesha Abed Library
|j General Shelf.
|
| 942 |
|
|
|2 ddc
|c BK
|
| 999 |
|
|
|c 12981
|d 12981
|
| 952 |
|
|
|0 0
|1 0
|2 ddc
|4 0
|6 323_490954920000000_HUM
|7 0
|9 21494
|a BRACUL
|b BRACUL
|c GEN
|d 2012-12-03
|l 7
|m 48
|o 323.49095492 HUM
|p 3010026315
|q 2026-05-17
|r 2025-09-13
|s 2025-09-13
|t 1
|w 2012-12-03
|y BK
|
| 952 |
|
|
|0 0
|1 0
|2 ddc
|4 0
|6 323_490954920000000_HUM
|7 1
|9 73944
|a BRACUL
|b BRACUL
|c AAKC
|d 2023-07-12
|g 200.00
|l 0
|o 323.49095492 HUM
|p 3010041291
|r 2023-07-12
|t 2
|w 2023-07-12
|y BK
|x Price available in book.
|